Top 10 Chicken Producing Countries - Statistics

General Stats
  • This quiz has been taken 91 times
  • The average score is 9 of 10
Answer Stats
Hint Answer % Correct
1 China
99%
2 USA
99%
4 Brazil
93%
5 India
93%
7 Russia
89%
6 Mexico
88%
3 Indonesia
81%
9 Japan
80%
8 Iran
67%
10 Turkey
65%
No matching quizzes found
Score Distribution
Percent of People with Each Score
Percentile by Number Answered
Your Score History
You have not taken this quiz